Normal view
MARC view
Entry Personal Name
001 - CONTROL NUMBER
- control field: 44365
003 - CONTROL NUMBER IDENTIFIER
- control field: ARRUPE
005 - DATE AND TIME OF LATEST TRANSACTION
- control field: 20190201095836.0
008 - FIXED-LENGTH DATA ELEMENTS
- fixed length control field: 190201|| aca||aabn | a|a d
040 ## - CATALOGING SOURCE
- Original cataloging agency: ARRUPE
- Transcribing agency: ARRUPE
100 ## - HEADING--PERSONAL NAME
- Personal name: Smith, Jason W.
670 ## - SOURCE DATA FOUND
- Source citation: Work cat.: (ARRUPE)0: Smith, Jason W., Foundations of archaeology /, c1976.